| 000 | 00935nam a2200289Ia 4500 | ||
|---|---|---|---|
| 003 | OSt | ||
| 005 | 20220928112547.0 | ||
| 006 | a|||||r|||| 00| 0 | ||
| 007 | ta | ||
| 008 | 220927b |||||||| |||| 00| 0 eng d | ||
| 020 |
_a9780262044691 _cUSD 80.00 |
||
| 024 | _a146364 | ||
| 037 |
_b01, 10/12/2021, Shivam Book Service _cTextual |
||
| 040 |
_aSDCL _cSDCL _beng |
||
| 041 |
_2eng _aeng |
||
| 082 | _aD6,8(B),22:8, R0 | ||
| 100 |
_aKelleher John D. _9428762 |
||
| 245 | 0 | _aFundamentals of machine learning for predictive data analysis | |
| 250 | _a2nd | ||
| 260 |
_aLondon _bMIT Press _c2020 |
||
| 300 |
_aliv,798p. _ccm. |
||
| 650 | _aApplied Operation Research | ||
| 700 |
_a Arcy Aoife D' _9428763 |
||
| 700 |
_a Namee Brian Mac _9428764 |
||
| 942 |
_hD6,8(B),22:8, R0 _cTEXL _2CC |
||
| 999 |
_c745283 _d745283 |
||